Loving Lord & His Miracle/ (Record no. 191385)

MARC details
000 -LEADER
fixed length control field 00691nam a22001937a 4500
005 - DATE AND TIME OF LATEST TRANSACTION
control field 20220825122131.0
010 ## - LCCN (DPL NO)
LC control number ENG-134660
020 ## - INTERNATIONAL STANDARD BOOK NUMBER
Terms of availability 60.00
International Standard Book Number 9789350693629
035 ## - SYSTEM CONTROL NUMBER
System control number EN-118192
037 ## - SOURCE OF ACQUISITION
Source of stock number/acquisition DBAD/PUB
082 ## - DEWEY DECIMAL CLASSIFICATION NUMBER
Classification number 230.35
245 ## - TITLE STATEMENT
Title Loving Lord & His Miracle/
Statement of responsibility, etc Compiled by B.V. Ramana Rao, translated by P.P.S. Sarma
260 ## - PUBLICATION, DISTRIBUTION, ETC. (IMPRINT)
Place of publication, distribution, etc Andhra Pradesh
Name of publisher, distributor, etc Sri sathya sai sadhna trust
Date of publication, distribution, etc 2018
270 ## - ADDRESS
Address Sri sathya sai sadhna trust, publications division, Prasanthi Nilayam
City Anantapur
Postal code 515134
Telephone number 08555-287375
Electronic mail address orders@sssbpt.org
Fax number 287236
300 ## - PHYSICAL DESCRIPTION
Extent 178p.
Dimensions 20cm(pbk)
700 ## - ADDED ENTRY--PERSONAL NAME
Personal name Rao, B.V. Ramana
700 ## - ADDED ENTRY--PERSONAL NAME
Personal name Sarma, P.P.S.
942 ## - ADDED ENTRY ELEMENTS (KOHA)
Source of classification or shelving scheme Dewey Decimal Classification
Item type English Books
Classification part 230.35
Call number suffix LOV
Holdings
Withdrawn status Lost status Not for loan Collection code Home library Current library Date acquired Source of acquisition Cost, normal purchase price Full call number Barcode Copy number Cost, replacement price Koha item type
      Non-fiction Tri Nagar Tri Nagar 25/08/2022 DBAD/PUB 60.00 230.35 LOV EN-118192 1 60.00 English Books

© Delhi Public Library
Hit Counter
free hit counter